Every Song by Bleachers - Statistics

General Stats
  • This quiz has been taken 30 times
    10 since last reset
  • The average score is 36 of 70
Answer Stats
Album Song % Correct
Strange Desire(2014) Rollercoaster
100%
everyone for ten minutes(2026) dirty wedding dress
83%
Gone Now(2017) Don't Take the Money
83%
Bleachers(2024) Hey Joe
83%
Take the Sadness Out of Saturday Night(2021) How Dare You Want More
83%
Bleachers(2024) I Am Right on Time
83%
everyone for ten minutes(2026) i can't believe you're gone
83%
Strange Desire(2014) I'm Ready to Move On
83%
Gone Now(2017) I'm Ready to Move On
83%
Bleachers(2024) Isimo
83%
Strange Desire(2014) I Wanna Get Better
83%
Gone Now(2017) Let's Get Married
83%
Strange Desire(2014) Like a River Runs
83%
Bleachers(2024) Modern Girl
83%
Strange Desire(2014) Reckless Love
83%
everyone for ten minutes(2026) the van
83%
Bleachers(2024) Tiny Moves
83%
everyone for ten minutes(2026) upstairs at els
83%
Strange Desire(2014) Wake Me
83%
Bleachers(2024) We Are Going to Know Each Other Forever
83%
Strange Desire(2014) Who I Want You to Love
83%
Strange Desire(2014) Wild Heart
83%
Strange Desire(2014) Wild Heart Reprise
83%
Bleachers(2024) Alma Mater
67%
Take the Sadness Out of Saturday Night(2021) Chinatown
67%
everyone for ten minutes(2026) dancing
67%
everyone for ten minutes(2026) i'm not joking
67%
Bleachers(2024) Jesus Is Dead
67%
Bleachers(2024) Me Before You
67%
Bleachers(2024) Self Respect
67%
Strange Desire(2014) Shadow
67%
everyone for ten minutes(2026) she's from before
67%
everyone for ten minutes(2026) sideways
67%
Take the Sadness Out of Saturday Night(2021) Stop Making This Hurt
67%
Strange Desire(2014) Take Me Away
67%
Bleachers(Bonus)(2024) The Big Bad Turnpike Ghost
67%
Bleachers(2024) The Waiter
67%
everyone for ten minutes(2026) you and forever
67%
Strange Desire(2014) You're Still a Mystery
67%
Bleachers(2024) Call Me After Midnight
50%
Bleachers(Bonus)(2024) Drug Free America
50%
Bleachers(Bonus)(2024) I Am in Your Hands
50%
Bleachers(Bonus)(2024) Margo
50%
Non-Album(2025) Merry Christmas, Please Don't Call
50%
Bleachers(2024) Ordinary Heaven
50%
Bleachers(Bonus)(2024) Question Mark
50%
Bleachers(Bonus)(2024) The Backwards Heart
50%
everyone for ten minutes(2026) we should walk
50%
Bleachers(2024) Woke Up Today
50%
Gone Now(2017) Hate That You Know Me
33%
everyone for ten minutes(2026) take you out tonight
33%
Love, Simon Soundtrack(2018) Alfie's Song (Not So Typical Love Song)
17%
Take the Sadness Out of Saturday Night(2021) 45
0%
Take the Sadness Out of Saturday Night(2021) 91
0%
Gone Now(2017) All My Heroes
0%
Terrible Thrills, Vol. 3(2019) And, Nothing Is You
0%
Take the Sadness Out of Saturday Night(2021) Big Life
0%
Take the Sadness Out of Saturday Night(2021) Don't Go Dark
0%
Gone Now(2017) Dream of Mickey Mantle
0%
Gone Now(2017) Everybody Lost Somebody
0%
Gone Now(2017) Foreign Girls
0%
Gone Now(2017) Goodbye
0%
Gone Now(2017) Goodmorning
0%
Gone Now(2017) I Miss Those Days
0%
Love, Simon Soundtrack(2018) Keeping a Secret
0%
Gone Now(2017) Mickey Mantle Reprise
0%
Gone Now(2017) Nothing is U
0%
Take the Sadness Out of Saturday Night(2021) Secret Life
0%
Take the Sadness Out of Saturday Night(2021) Strange Behavior
0%
Take the Sadness Out of Saturday Night(2021) What'd I Do with All This Faith?
0%
No matching quizzes found
Score Distribution
Percent of People with Each Score
Percentile by Number Answered
Your Score History
You have not taken this quiz since the last reset